| 000 | 00000nam##2200000za#4500 |
| 001 | 9.695793 |
| 003 | CaOODSP |
| 005 | 20210624234734 |
| 007 | cr ||||||||||| |
| 008 | 150407|2010||||xxc|||||o f|0| 0 eng|d |
| 020 | |a978-1-100-20297-6 |
| 040 | |aCaOODSP|beng |
| 043 | |an-cn--- |
| 086 | 1 |aPS4-137/2010E-PDF |
| 110 | 1 |aCanada. |bPublic Safety Canada. |
| 245 | 10|a2009-2010 evaluation of the Security Certificate Initiative : |h[electronic resource]|bfinal report / |c[by] Evaluation Directorate. |
| 260 | |aOttawa - Ontario : |bPublic Safety Canada |cFebruary 24, 2010. |
| 300 | |a52p.|btables |
| 590 | |a12-43-Supp|b2012-12-07 |
| 690 | 07|aPublic safety|2gcpds |
| 775 | 08|tÉvaluation de l'Initiative sur les certificats de sécurité 2009-2010 : |w(CaOODSP)9.639925 |
| 856 | 40|ahttp://publications.gc.ca|qPDF|s245 KB|uhttps://publications.gc.ca/collections/collection_2012/sp-ps/PS4-137-2010-eng.pdf |